00711nam a2200229Ia 4500003000900000008004100009020001800050040001600068080001600084100002200100245005000122260004000172300001400212500002600226650002600252650003100278650002900309650002600338942000700364999001700371952009300388IN-BaIIA211028s9999 xx 000 0 eng d a0-471-94176-X cIIA Library a52-355bEME aEmerson, D921079 0aInterpreting astronomical spectracD. Emerson aChichestrabJohn Wiley & Sonsc1996 avi, 461p. aPhotocopy of Original aGaseous Nebulae92296 aPhotoionized Clouds926469 aRadiative Transfer91568 aStellar Spectra92838 cBK c14754d14754 00104070aBANbKAVcGENd2002-08-27l0o52-355/ EMEp15676r2021-11-05w2002-08-27yBK